000 01320naa a22003137a 4500
001 BR9504347
003 BR-BrBNA
005 20250721155531.0
007 ta
008 250630b bl.|||m| |||| 00| 0 por d
040 _aBR-BrBNA
_bpor
_cBiblioteca Nacional de Agricultura
041 _a(Pt)
072 _aU30; P34
090 _aU30 BR9504347
100 1 _aAlves, B.J.R.
100 1 _aSantos, J.C.F. dos
100 1 _aUrquiaga, S.
100 1 _aBoddey, R.M.
245 1 _aMetodos de determinacao do nitrogenio em solo e planta
500 _aManual de metodos empregados em estudos de microbiologia agricola Hungria, M.Araujo, R.S.(eds.) Brasilia, DF (Brasil): EMBRAPA. SPI, 1994. p. 449-469 [35 ref.] (BR9504347-AMS)
773 0 _tManual de metodos empregados em estudos de microbiologia agricola
_aHungria, M.; Araujo, R.S.(eds.). Centro Nacional de Pesquisa de Arroz e Feijao, Goiania, GO (Brasil)Centro Nacional de Pesquisa de Soja, Londrina, PR (Brasil)
_wU30 BR9504347
_gBrasilia, DF (Brasil), 1994. p. 449-469
650 _aRelacao Solo-Planta
650 _aNitrogenio
650 _aAnalise Quimica
650 _aMetodo
490 _aDocumentos - Centro Nacional de Pesquisa de Arroz e Feijao (Brazil)
_vno. 46
_xISSN 0101-9716
942 _cAMS
_2AGRIS
909 _a202506
_bLúcia
_c55
_dLúcia Elande
999 _c337062
_d337062